| 000 | 00712 a2200157 4500 | ||
|---|---|---|---|
| 003 | Nust | ||
| 005 | 20220810163244.0 | ||
| 040 | _cNust | ||
| 082 | _a005.117,LAR | ||
| 100 | _aLarman, Craig | ||
| 245 |
_aApplying UML and patterns: _ban introduction to object oriented analysis and design and the unified process / _cCraig Larman |
||
| 300 | _a507 p. : | ||
| 505 | _a Part-1: Introduction (Page-1), Prt-2: Plan and Elaborate Phase (Page-33), Part-3; Analyze Phase (Page-83), Part-4: Design Phase (Page-159),Part-5: Construct Phase (Page-293), Part-6: Analyze Phase(Page-315), Part-7: Design Phase (Page-391), Part-8: Special Topics (Page-425). | ||
| 650 |
_aUML Patterns _996756 |
||
| 942 |
_2ddc _cBK _k005.117,LAR |
||
| 999 |
_c176459 _d176459 |
||